ბათუმის შოთა რუსთაველის სახელმწიფო უნივერსიტეტის ბიბლიოთეკა

სამი ისტორიული მხარე ერთ თანამედროვე მუნიციპალიტეტის ფარგლებში / (ბიბ.ჩანაწერი № 54442)

000 -ლიდერი
ფიქსირებული სიგრძის საკონტროლო ველი 01551nam a2200253Ia 4500
001 - საკონტროლო ნომერი
საკონტროლო ველი 21498
003 - საკონტროლო ნომრის იდენტიფიკატორი
საკონტროლო ველი GE_BSU
005 - ბოლო ოპერაციის თარიღი და დრო
საკონტროლო ველი 20230524122906.0
008 - ფიქსირებული სიგრძის მონაცემთა ელემენტები - ზოგადი ინფორმაცია
ფიქსირებული სიგრძის საკონტროლო ველი 181216s2017||||ge |||||||||||||| ||geo||
020 ## - წიგნის საერთაშორისო სტანდარტული ნომერი
International Standard Book Number 978994109756
040 ## - კატალოგიზაციის წყარო
Transcribing agency GE_BSU
041 ## - ენის კოდი
Language code of text/sound track or separate title geo
080 ## - უნივერსალური ათობითი კლასიფიკაციის ინდექსი
Universal Decimal Classification number 94(479.223) დ-43
100 ## - მთავარი ჩანაწერი - პიროვნების სახელი
Personal name დიასამიძე, ბიჭიკო
9 (RLIN) 13004
245 ## - ცნობა სათაურის შესახებ
Title სამი ისტორიული მხარე ერთ თანამედროვე მუნიციპალიტეტის ფარგლებში /
Statement of responsibility, etc ბიჭიკო დიასამიძე ; რედ. ნოდარ კახიძე.
264 ## - წარმოების, გამოცემის, დისტრიბუციის და სხვა ცნობები
გამოცემის, წარმოების, დისტრიბუციის... ადგილი ბათუმი :
გამოცემის, წარმოების, დისტრიბუციის... სახელწოდება [?],
გამოცემის, წარმოების, დისტრიბუციის... თარიღი 2017.
300 ## - ფიზიკური აღწერა
Extent 60 გვ. :
Other physical details ილ.;
Dimensions 19 სმ.
Accompanying material 1ფ. პორტრეტი
500 ## - ზოგადი შენიშვნა
General note ნაშრომში შესწავლილია თანამედროვე ხელვაჩაურის მუნიციპალიტეტში შემავალი ისტორიული მხარეების : ბათუმის, გონიო-მარადიდის და მაჭახლის ხეობის წარსული
500 ## - ზოგადი შენიშვნა
General note სამი ისტორიული მხარე ერთ თანამედროვე მუნიციპალიტეტის ფარგლებში
653 ## - INDEX TERM--UNCONTROLLED
Uncontrolled term ისტორია
700 ## - ADDED ENTRY--PERSONAL NAME
Personal name კახიძე, ნოდარ
Relator term რედაქტორი
9 (RLIN) 13005
942 ## - ADDED ENTRY ELEMENTS (KOHA)
Koha item type წიგნი
Source of classification or shelving scheme
ეგზემპლარები
ჩამოწერის სტატუსი დაკარგული ეგზემპლარის სტატუსი კლასიფიკაციის წყარო ან თაროზე გაწყობის სქემა დაზიანების სტატუსი არ გაიცემა მუდმივი მდებარეობა (დაცვის ადგილი) ამჟამინდელი ადგილსამყოფელი თაროზე განთავსების ადგილი შეძენის თარიღი ღირებულება, შესყიდვის ნორმალური ფასი სრული შენახვის შიფრი შტრიხკოდი ბოლო ოპერაციის თარიღი ეგზემპლარის მიმდევრობითი ნომერი (კეტერი?) ფასის ძალაში შესვლის თარიღი ეგზემპლარის სახეობა საჯარო შენიშვნა Uniform Resource Identifier
          ბათუმის შოთა რუსთაველის სახელმწიფო უნივერსიტეტის მთავარი ბიბლიოთეკა ბათუმის შოთა რუსთაველის სახელმწიფო უნივერსიტეტის მთავარი ბიბლიოთეკა წიგნსაცავი 2018-12-17 5.00 94(479.223) დ-43 55465 2018-12-17 55465 2018-12-17 წიგნი 5.00 ₾.  
          ბათუმის შოთა რუსთაველის სახელმწიფო უნივერსიტეტის მთავარი ბიბლიოთეკა ბათუმის შოთა რუსთაველის სახელმწიფო უნივერსიტეტის მთავარი ბიბლიოთეკა წიგნსაცავი 2018-12-17 5.00 94(479.223) დ-43 55466 2018-12-17 55466 2018-12-17 წიგნი 5.00 ₾.  
          ბათუმის შოთა რუსთაველის სახელმწიფო უნივერსიტეტის მთავარი ბიბლიოთეკა ბათუმის შოთა რუსთაველის სახელმწიფო უნივერსიტეტის მთავარი ბიბლიოთეკა წიგნსაცავი 2018-12-17 5.00 94(479.223) დ-43 55467 2018-12-17 55467 2018-12-17 წიგნი 5.00 ₾.  
          ბათუმის შოთა რუსთაველის სახელმწიფო უნივერსიტეტის მთავარი ბიბლიოთეკა ბათუმის შოთა რუსთაველის სახელმწიფო უნივერსიტეტის მთავარი ბიბლიოთეკა წიგნსაცავი 2023-05-24 5.00 94(479.223) დ-43 64442 2023-05-24 64442 2023-05-24 წიგნი 5 ლ. ბსუ-ს საპატიო დოქტორის გურამ ლორთქიფანიძის საჩუქარი
          ბათუმის შოთა რუსთაველის სახელმწიფო უნივერსიტეტის მთავარი ბიბლიოთეკა ბათუმის შოთა რუსთაველის სახელმწიფო უნივერსიტეტის მთავარი ბიბლიოთეკა წიგნსაცავი 2025-01-29 5.00 94(479.223) დ-43 70496 2025-01-29 70496 2025-01-29 წიგნი 5.00 ნაჩუქარი